000 01093nam0a22002771 4500
001 rc\309376
005 20250519153305.0
035 _a(NLR Aleph) 005544479
090 _a5745019
_c5745019
100 _a20030307d1990 u |0rusy50 ca
101 0 _arus
102 _aRU
105 _aa |||||||||
200 1 _aТеория и практика маркетинга
_eТеорет. источники. Экон. сущность. Условия развития
_fД.Т. Новиков, Д.М. Мухитдинов, С.Н. Панич
210 _aТашкент
_cМехнат
_d1990
215 _a254 с.
_cил.
_d21
320 _aБиблиогр.: с. 249-253 (49 назв.)
700 1 _aНовиков
_bД. Т.
_cд-р экон. наук
_f1931-
_gДмитрий Тимофеевич
_3RU\NLR\AUTH\77118088
701 1 _aМухитдинов
_bД. М.
_gДияр Муталович
701 1 _aПанич
_bС. Н.
_gСергей Николаевич
801 0 _aRU
_bNLR
_gpsbo
801 1 _aRU
_bELAR
_2rusmarc
852 _aNLR
_j90-3/1160
942 _cBOOK
980 _aNB